01240cam a2200325 i 45000010008000000030009000080050017000170070008000340080035000420150006000770170009000830200015000920350006001070400028001130800006001410820026001471000023001732400033001962450121002292600064003503000029004144900029004435040027004725050258004995860038007576500026007956500038008216500024008597000031008830000544DO-SdBPM20250603071653.00000544100514s1997 sp a |||| 000 f spa  a  a b  a8489384134 a  aDO-SdBPMbspacBPMSUe  a  4a155.4bT667c 19972221 aTonucci, Francesco13aLa cittá dei bambinilita.13aLa ciudad de los niños :bun modo nuevo de pensar la ciudad /cFrancesco Tonucci ; traducción Mario Merlino .h  aMadrid :bFundación Germán Sánchez Ruipérez,c1997. a220 p. :bil. ;c23 cm. 0 aEl árbol de la memoria aBiografía p: 211-2200 aAnálisis de un malestar -- Entonces ¿qué hacer? -- ¿Por qué justamente el niño? -- Un laboratorio: "la ciudad de los niños" --Que lo niños puedan salir solos de casa -- Una ciudad adecuada a los niños -- Repensar la ciudad -- Las fichas. aPremio Doncel de biografía 1962 4aPsicología infantil 4aSeguridad infantil (Psicología) 4aSociología urbana1 aMerlino, Marioetraductor